| Tag |
First Indicator |
Second Indicator |
Subfields |
| LEADER |
00000cam a2200000 a 4500 |
| 001 |
in00000010208 |
| 005 |
20151006080018.0 |
| 008 |
870227s1987 ii b 00100 eng |
| 010 |
|
|
|a 87900104
|
| 020 |
|
|
|a 8170271010 :
|c Rs55.00 ($11.00 U.S.)
|
| 025 |
|
|
|a I E 53714
|
| 035 |
|
|
|a (OCoLC)16405516
|
| 035 |
|
|
|9 AAA2408AM
|
| 040 |
|
|
|a DLC
|c DLC
|d TXA
|d UtOrBLW
|
| 043 |
|
|
|a d------
|
| 049 |
|
|
|a TXAM
|c [A11027436]
|
| 050 |
0 |
0 |
|a HF1413
|b .L68 1987
|
| 082 |
0 |
|
|a 330.9172/4
|2 19
|
| 245 |
0 |
0 |
|a Low income countries :
|b problems and prospects /
|c Govind R. Agrawal [and others].
|
| 264 |
|
1 |
|a New Delhi :
|b Radiant Publishers,
|c 1987.
|
| 300 |
|
|
|a x, 106 pages ;
|c 23 cm.
|
| 336 |
|
|
|a text
|b txt
|2 rdacontent
|
| 337 |
|
|
|a unmediated
|b n
|2 rdamedia
|
| 338 |
|
|
|a volume
|b nc
|2 rdacarrier
|
| 500 |
|
|
|a "Issued under the auspices of the Research and Information System for the Nonaligned and Other Developing Countries."
|
| 500 |
|
|
|a Includes index.
|
| 651 |
|
0 |
|a Developing countries
|x Foreign economic relations.
|
| 651 |
|
0 |
|a Developing countries
|x Economic conditions.
|
| 650 |
|
0 |
|a Income
|z Developing countries.
|
| 700 |
1 |
|
|a Agrawal, Govind Ram.
|
| 710 |
2 |
|
|a Research and Information System for the Nonaligned and Other Developing Countries.
|
| 999 |
|
|
|a MARS
|
| 999 |
f |
f |
|s 6bb36b95-ff52-344a-8008-c9a6ad0f351a
|i 0a0fbc7c-9733-3953-8dbc-794dde83dcb8
|t 0
|
| 952 |
f |
f |
|p ric
|a Texas A&M University
|b Rellis Campus
|c Joint Library Facility
|d Remote Storage
|t 0
|e HF1413 .L68 1987
|h Library of Congress classification
|i unmediated -- volume
|m A14811027436
|
| 998 |
f |
f |
|a HF1413 .L68 1987
|t 0
|l Remote Storage
|